| 000 | 00436nam a2200181Ia 4500 | ||
|---|---|---|---|
| 001 | 16192 | ||
| 005 | 20260306170251.0 | ||
| 008 | 260306t1987||||xx |||||||||||||| ||und|| | ||
| 041 | _aESP | ||
| 082 |
_a347.3 _bP91 |
||
| 100 |
_aPuente y Lavalle, Manuel de la _eAUT |
||
| 245 | 0 | _aTemas de derecho contractual | |
| 260 | _c1987 | ||
| 300 |
_a483 páginas : _c20 cm. |
||
| 650 | _aGEN | ||
| 654 | _aCDE | ||
| 942 |
_cLIB _dJUS _fJUS _2ddc _n |
||
| 999 |
_c16192 _d16192 |
||